000
00213 a2200097 4500
001
52721
100
_a
Rice J G
245
_a
Build Program Technique
260
_a
New York
_b
John Wiley
_c
090
_c
33165
_d
33165
942
_a
NUST-CAE
_c
M
_c
25742
999
_c
287794
_d
287794